000 00465nam a2200181Ia 4500
001 22648
005 20260414150844.0
008 260414t2014||||xx |||||||||||||| ||spa||
041 _aESP
082 _a621.3824
_bW23A
100 _aWang, Zhancang,
_eAUT
245 0 _aEnvelope tracking power amplifiers for wireless communications
_b
260 _c2014
300 _axv, 345 páginas :
_c26 cm.
650 _aTCA
654 _aCET
942 _cLIB
_dJUS
_fJUS
_2ddc
_n
999 _c22648
_d22648